| 000 | 00519nam a2200181Ia 4500 | ||
|---|---|---|---|
| 003 | IEPS | ||
| 005 | 20250703135311.0 | ||
| 008 | 250223s9999||||xx |||||||||||||| ||und|| | ||
| 040 | _CIEPS | ||
| 041 | _aara | ||
| 082 | _a301 | ||
| 100 | _aعبد الرحمان عبد الله محمد | ||
| 245 | 0 | _aمدخل علم الاجتماع | |
| 260 |
_aالاسكندرية _bدار المعرفة الجامعة _c2008 |
||
| 300 |
_a296 ص. _bجداول _c24 سم. |
||
| 653 | _aعلم الاجتماع | ||
| 942 | _cكتاب | ||
| 999 |
_c13059 _d13059 |
||